000 00819nam a2200229Ii 4500
003 JO-AjNU
008 230605s9999||||xx |||||||||||||| ||und||
017 _a2007/4/945
020 _a9957-489-00-3
040 _aJO-AjNU
_bara
_erda
_cJO-AjNU
041 _aara
050 1 4 _aHF5823.M82 2007
100 3 _aتأليف معلا، ناجي ,
_eauthor
_957329
245 0 0 _aالترويج التجاري: مدخل اتصالي تسويقي متكامل
250 _aط 1مزيدة ومنقحة
264 3 1 _aعمان: المؤلف، 2007
300 _a445ص
_bيحتوي مسرد مصطلحات و ببلوغرافية من ص 419-445ص
336 _atext
_btxt
_2rdacontent
337 _aunmediated
_bn
_2rdamedia
338 _avolume
_bnc
_2rdacarrier
650 4 _aالتسويق - ادارة مبيعات
_957330
999 _aA25682
_c29250
_d29250